Statistics for Every Pokémon In Alphabetical Order T-Z

Click here to take the quiz!

General Stats

  • This quiz has been taken 60 times
  • The average score is 106 of 129

Answer Stats

Pokémon TypePokémon #Pokémon% Correct
Water/Poison#072Tentacool
95%
Water/Poison#073Tentacruel
95%
Grass#114Tangela
92%
Water#008Wartortle
92%
Poison#110Weezing
92%
Electric/Flying#145Zapdos
92%
Poison/Flying#041Zubat
92%
Dragon/Ground#718Zygarde
92%
Normal/Flying#276Taillow
89%
Fire/Flying#663Talonflame
89%
Grass/Fairy#787Tapu Bulu
89%
Water/Fairy#788Tapu Fini
89%
Electric/Fairy#785Tapu Koko
89%
Psychic/Fairy#786Tapu Lele
89%
Normal#128Tauros
89%
Fairy/Flying#468Togekiss
89%
Fairy#175Togepi
89%
Fairy/Flying#176Togetic
89%
Fire#255Torchic
89%
Water#158Totodile
89%
Fire#157Typhlosion
89%
Grass/Poison#071Victreebel
89%
Grass/Poison#070Weepinbell
89%
Normal/Fairy#040Wigglytuff
89%
Psychic/Flying#178Xatu
89%
Fairy#716Xerneas
89%
Grass#465Tangrowth
87%
Ghost/Grass#709Trevenant
87%
Dark#197Umbreon
87%
Grass/Poison#003Venusaur
87%
Bug/Flying#416Vespiquen
87%
Grass/Poison#045Vileplume
87%
Fire/Water#721Volcanion
87%
Fire#037Vulpix
87%
Ice/Water#365Walrein
87%
Bug/Poison#013Weedle
87%
Bug/Flying#193Yanma
87%
Bug/Flying#469Yanmega
87%
Normal#335Zangoose
87%
Dark#571Zoroark
87%
Fire#498Tepig
84%
Rock/Fighting#639Terrakion
84%
Electric/Flying#642Thundurus
84%
Grass#252Treecko
84%
Fire/Dragon#776Turtonator
84%
Grass#387Turtwig
84%
Rock/Dark#248Tyranitar
84%
Fighting#236Tyrogue
84%
Water#134Vaporeon
84%
Bug/Electric#738Vikavolt
84%
Grass/Fighting#640Virizion
84%
Electric#100Voltorb
84%
Water#320Wailmer
84%
Water#321Wailord
84%
Water/Ground#194Wooper
84%
Electric#796Xurkitree
84%
Ghost#562Yamask
84%
Dark/Flying#717Yveltal
84%
Dragon/Electric#644Zekrom
84%
Dark#570Zorua
84%
Normal#216Teddiursa
82%
Fire#324Torkoal
82%
Flying#641Tornadus
82%
Fire#726Torracat
82%
Grass/Ground#389Torterra
82%
Normal/Flying#733Toucannon
82%
Poison/Fighting#454Toxicroak
82%
Poison#568Trubbish
82%
Normal/Flying#521Unfezant
82%
Psychic#201Unown
82%
Normal#217Ursaring
82%
Psychic#480Uxie
82%
Ice#583Vanillish
82%
Ice#582Vanillite
82%
Ice#584Vanilluxe
82%
Bug/Poison#049Venomoth
82%
Bug/Poison#048Venonat
82%
Ground/Dragon#329Vibrava
82%
Bug/Fire#637Volcarona
82%
Dark/Ice#461Weavile
82%
Water/Ground#340Whiscash
82%
Bug#265Wurmple
82%
Psychic#360Wynaut
82%
Electric#523Zebstrika
82%
Fighting#538Throh
79%
Grass#811Thwackey
79%
Electric/Poison#849Toxtricity
79%
Ground#328Trapinch
79%
Grass/Flying#357Tropius
79%
Rock/Dragon#697Tyrantrum
79%
Rock/Dragon#696Tyrunt
79%
Psychic/Fire#494Victini
79%
Normal#288Vigoroth
79%
Bug/Flying#666Vivillon
79%
Normal#293Whismur
79%
Water/Flying#278Wingull
79%
Water#746Wishiwashi
79%
Psychic#202Wobbuffet
79%
Psychic/Flying#527Woobat
79%
Bug/Grass#413Wormadam
79%
Fairy#888Zacian
79%
Dark/Dragon#634Zweilous
79%
Fighting#532Timburr
76%
Electric/Steel#777Togedemaru
76%
Electric/Poison#848Toxel
76%
Normal/Flying#732Trumbeak
76%
Water#535Tympole
76%
Electric#602Tynamo
76%
Bug/Poison#543Venipede
76%
Bug#313Volbeat
76%
Electric#835Yamper
76%
Fighting#889Zamazenta
76%
Electric#807Zeraora
76%
Poison/Water#748Toxapex
74%
Normal/Flying#520Tranquill
74%
Normal#772Type: Null
74%
Fighting/Dark#892Urshifu
74%
Dark/Flying#629Vullaby
74%
Grass/Fairy#547Whimsicott
74%
Bug/Poison#544Whirlipede
74%
Normal#734Yungoos
74%
Dark/Grass#893Zarude
74%
Normal#263Zigzagoon
74%
Dark#828Thievul
71%
Water/Rock#564Tirtouga
71%
Bug/Water#767Wimpod
71%
Normal#831Wooloo
71%
Normal#505Watchog
68%
Grass#763Tsareena
66%

Score Distribution

Percentile by Number Answered

Percent of People with Each Score

Your Score History

You have not taken this quiz